Cofax

Informácie z 5.ročníka medzinárodnej výstavy hardwaru, softwaru, kancelárskeho vybavenia a telekomunikácií Cofax '95 v Bratislave. Sprievodný program Cofaxu: Multimediálne komunikácie. Počítačová grafika. Problémy modernizácie telekomunikačnej infraštruktúry na Slovensku. Nová verzia vývojového pros...

Ausführliche Beschreibung

Gespeichert in:
Bibliographische Detailangaben
Format: Buchkapitel
Sprache:Slowakisch
Schlagworte:
Tags: Tag hinzufügen
Keine Tags, Fügen Sie das erste Tag hinzu!

MARC

LEADER 00000naa a2200000 4500
001 r019858
005 20221205094559.2
041 0 |a slo 
044 |a SK 
245 1 0 |a Cofax 
520 |a Informácie z 5.ročníka medzinárodnej výstavy hardwaru, softwaru, kancelárskeho vybavenia a telekomunikácií Cofax '95 v Bratislave. Sprievodný program Cofaxu: Multimediálne komunikácie. Počítačová grafika. Problémy modernizácie telekomunikačnej infraštruktúry na Slovensku. Nová verzia vývojového prostredia CA-Clipper. Správy zo sveta telekomunikácií. Zoznam vystavovateľov. Reprezentácia firiem. Adresy firiem. 
610 2 0 |a telekomunikácie 
610 2 0 |a výstavy 
610 2 0 |a počítače 
610 2 0 |a multimédiá 
610 2 0 |a technológie komunikačné 
610 2 0 |a hardvér 
610 2 0 |a softvér 
610 2 0 |a systémy počítačové telekomunikačné 
610 2 0 |a grafika počítačová 
610 2 0 |a firmy 
610 2 0 |a adresáre 
610 2 0 |a Bratislava 
610 2 0 |a Slovensko 
610 2 0 |a máj-jún 
610 2 0 |a 1995